| 000 | 00368pam a2200157a 44500 | ||
|---|---|---|---|
| 008 | 230515b1991 xxu||||| |||| 00| 0 eng d | ||
| 020 | _aNULL | ||
| 041 | _aENGLISH | ||
| 082 | _aN.D. | ||
| 100 | _aJagdish Lal | ||
| 245 | _aTheory Of Mechanisms & Machines | ||
| 250 | _a0 | ||
| 260 |
_aNULL _bMetropolitan Book Co. Ltd. . _c1991 |
||
| 300 | _a975 | ||
| 650 | _aNULL | ||
| 999 |
_c572219 _d572219 |
||